<?xml version="1.0" encoding="UTF-8"?>
<marc:record xmlns:marc="http://www.loc.gov/MARC21/slim">
   <marc:leader>00000nam a2200000 a 4500</marc:leader>
   <marc:datafield ind1="1" ind2=" " tag="100">
      <marc:subfield code="a">Anders Edgren, Patrik</marc:subfield>
   </marc:datafield>
   <marc:datafield ind1="1" ind2=" " tag="100">
      <marc:subfield code="a">Bäckman, Eric</marc:subfield>
   </marc:datafield>
   <marc:datafield ind1="1" ind2=" " tag="100">
      <marc:subfield code="a">Angser, Håkan</marc:subfield>
   </marc:datafield>
   <marc:datafield ind1="0" ind2="0" tag="245">
      <marc:subfield code="a">Das jüngste Gewitter</marc:subfield>
   </marc:datafield>
   <marc:datafield ind1=" " ind2="1" tag="264">
      <marc:subfield code="a">Berlin</marc:subfield>
      <marc:subfield code="b">Neue Visionen Medien</marc:subfield>
      <marc:subfield code="c">2015</marc:subfield>
   </marc:datafield>
   <marc:datafield ind1="1" ind2=" " tag="520">
      <marc:subfield code="a">Eine junge Frau erträumt sich die Hochzeit mit einem begehrenswerten, aber unerreichbaren Rockmusiker. Ein Psychologe erträgt es nicht mehr, seine Patienten mit ihren eingebildeten Krankheiten zu behandeln. Ein Frisör rächt sich an einem ungehobelten Kunden mit einer Skinheadfrisur. Und ein Familienvater, der sich an einer langen Tafel am Tischtuchtrick versucht, scheitert kläglich. Alle diese und viele andere Gestalten sind auf der verzweifelten Suche nach einem Sinn und einem bisschen irdischen Glück. Sie geraten dabei in absurde Situationen, in denen sie ihre Selbstsucht und Gleichgültigkeit, aber auch ihr Mitgefühl und ihre Liebe zeigen. (Verl.txt)</marc:subfield>
   </marc:datafield>
   <marc:datafield ind1=" " ind2=" " tag="020">
      <marc:subfield code="a">4015698002676</marc:subfield>
      <marc:subfield code="9">4015698002676</marc:subfield>
   </marc:datafield>
   <marc:datafield ind1=" " ind2=" " tag="500">
      <marc:subfield code="a">Ab 16 Jahren</marc:subfield>
   </marc:datafield>
   <marc:datafield ind1="0" ind2=" " tag="490">
      <marc:subfield code="v">0</marc:subfield>
   </marc:datafield>
   <marc:datafield ind1=" " ind2=" " tag="542">
      <marc:subfield code="d">Andersson, Roy</marc:subfield>
   </marc:datafield>
   <marc:datafield ind1=" " ind2=" " tag="300">
      <marc:subfield code="a">86 Min.</marc:subfield>
   </marc:datafield>
</marc:record>
